| 000 | 00440nam a2200181Ia 4500 | ||
|---|---|---|---|
| 008 | 180207s9999 xx 000 0 und d | ||
| 020 | _a9780749706456 | ||
| 050 | _bD288 1990 | ||
| 100 | _aDe Brunhoff, Jean | ||
| 245 | _aBabar at home / | ||
| 245 | _cJean De Brunhoff. | ||
| 260 | _aGreat Britain : | ||
| 260 | _bMethuen & Co. Ltd., | ||
| 260 | _c1990 | ||
| 300 | _aunpaged : | ||
| 300 | _bcolor illustration ; | ||
| 300 | _c21cm. | ||
| 999 |
_c355443 _d355443 |
||